00285nam a2200121Ia 4500008004100000041000800041082001200049100002100061245001900082260003200101300002300133365000700156240624s9999 xx 000 0 und d aeng a330 MIS aMISES LUDWIG VON aHUMAN ACTION I c2007aIndianabLiberty Fund a231 : p. : cm ; 24 cRS